00621nam a2200193 a 4500008004100000020001500041050001500056100003000071245005800101260003600159300002100195350000900216500010500225650002100330650001100351650001300362650002500375700002700400120416s1972 ||||||||||||||||| || u a0126990506 aQA 315 Tre aTrench, William F., 1931-10aMultivariable Calculus with linear algebra and series aNew York:bAcademic Pressc1972 axi, 758 p.: ill. a0.00 aAn expansion of Elementary multivariable calculus, by B. Kolman and W. F. Trench, published in 1971. 0aALGEBRAS, LINEAR aSeries 0aCALCULUS aTEXTBOOKS--TEXTBOOKS aKolman, Bernard, 1932-